Gay couples earn tenure succession rights (Record no. 117196)

MARC details
000 -LEADER
fixed length control field 00932cam a2200217 4500
001 - CONTROL NUMBER
control field WB4014-12
008 - FIXED-LENGTH DATA ELEMENTS--GENERAL INFORMATION
fixed length control field 040413n2004 000 0 eng u
035 ## - SYSTEM CONTROL NUMBER
System control number (Sirsi) u125819
245 ## - TITLE STATEMENT
Title Gay couples earn tenure succession rights
260 ## - PUBLICATION, DISTRIBUTION, ETC.
Date of publication, distribution, etc. 2004
490 ## - SERIES STATEMENT
Series statement RICS Press Release
Volume/sequential designation 8 April 2004, (1)
520 ## - SUMMARY, ETC.
Summary, etc. New legislation will give the same property succession rights previously only available to heterosexual couples. The Civil Partnerships Bill published by the Department of Trade and Industry last week has confirmed that gay couples will win the right to inherit their partners' property. Further details of the Bill are available on the House of Commons website: http://www.publications.parliament.uk/pa/pabills.h tm.
590 ## - LOCAL NOTE (RLIN)
Local note WB
590 ## - LOCAL NOTE (RLIN)
Local note WB
650 ## - SUBJECT ADDED ENTRY--TOPICAL TERM
Topical term or geographic name entry element INHERITANCE
650 ## - SUBJECT ADDED ENTRY--TOPICAL TERM
Topical term or geographic name entry element HOUSE OF COMMONS
650 ## - SUBJECT ADDED ENTRY--TOPICAL TERM
Topical term or geographic name entry element DTI
650 ## - SUBJECT ADDED ENTRY--TOPICAL TERM
Topical term or geographic name entry element HOMOSEXUAL RELATIONSHIP
690 ## - LOCAL SUBJECT ADDED ENTRY--TOPICAL TERM (OCLC, RLIN)
Topical term or geographic name as entry element LAW-UK
942 ## - ADDED ENTRY ELEMENTS (KOHA)
Suppress in OPAC 0
Holdings
Withdrawn status Lost status Source of classification or shelving scheme Damaged status Not for loan Home library Current library Shelving location Date acquired Total Checkouts Full call number Barcode Date last seen Copy number Price effective from Koha item type
    Dewey Decimal Classification     London London News article 13/04/2004   WB4014-12 125819-1001 06/08/2019 1 06/08/2019 News article